Vies des savants illustres, depuis l'antiquité jusqu'au dix-neuvième siècle (Record no. 54194)

MARC details
000 -LEADER
campo de control de longitud fija 01212nam a22002535i 4500
001 - NÚMERO DE CONTROL
campo de control 54194
003 - IDENTIFICADOR DE NÚMERO DE CONTROL
campo de control ES-MaACL
005 - FECHA Y HORA DE LA ÚLTIMA TRANSACCIÓN
campo de control 20250815063221.0
007 - CAMPO FIJO DE DESCRIPCIÓN FÍSICA--INFORMACIÓN GENERAL
campo de control de longitud fija t|
008 - DATOS DE LONGITUD FIJA--INFORMACIÓN GENERAL
campo de control de longitud fija 960715m18661870fr a |||| |cfre d
040 ## - FUENTE DE CATALOGACIÓN
Centro catalogador/agencia de origen CAM
Lengua de catalogación spa
Centro/agencia transcriptor CAM
100 1# - ENTRADA PRINCIPAL--NOMBRE DE PERSONA
Nombre de persona Figuier, Louis,
Fechas asociadas al nombre 1819-1894
9 (RLIN) 50814
245 10 - MENCIÓN DEL TÍTULO
Título Vies des savants illustres, depuis l'antiquité jusqu'au dix-neuvième siècle
Resto del título : ... avec l'appréciation sommaire de leurs travaux /
Mención de responsabilidad, etc. par Louis Figuier.
260 ## - PUBLICACIÓN, DISTRIBUCIÓN, ETC.
Lugar de publicación, distribución, etc. Paris :
Nombre del editor, distribuidor, etc. Librairie Internationale,
Fecha de publicación, distribución, etc. 1866-1870 (
Fabricante Imp. Poupart-Davyl & C.)
300 ## - DESCRIPCIÓN FÍSICA
Extensión 5 v. :
Otras características físicas il. ;
Dimensiones 23 cm.
505 8# - NOTA DE CONTENIDO CON FORMATO
Nota de contenido con formato Contiene : 1 ;
Título Savants de l'antiquité - 2 ;
-- Savants du Moyen âge - 3 ;
-- Savants de la Renaissance - 4 ;
-- Savants du XVIIe siècle - 5 ;
-- Savants du XVIIIe siècle
530 ## - NOTA DISPONIBLE DE FORMULARIO FÍSICO ADICIONAL
Nota de formato físico adicional disponible Parcialmente disponible en formato digital.
650 #4 - PUNTO DE ACCESO ADICIONAL DE MATERIA--TÉRMINO DE MATERIA
Término de materia o nombre geográfico como elemento de entrada Científicos-
Subdivisión general Biografías.
9 (RLIN) 164960
852 ## - LOCALIZACIÓN
Ubicación ES-MaACL
Número de control de estantería F-8325-29
856 ## - LOCALIZACIÓN Y ACCESO ELECTRÓNICOS
Identificador Uniforme de Recursos <a href="https://archive.org/details/b24873986 ">https://archive.org/details/b24873986 </a>
Nota pública Internet Archive
-- (v. 1)
856 ## - LOCALIZACIÓN Y ACCESO ELECTRÓNICOS
Identificador Uniforme de Recursos <a href="https://archive.org/details/b21995059 ">https://archive.org/details/b21995059 </a>
Nota pública Internet Archive
-- (v. 3)
856 ## - LOCALIZACIÓN Y ACCESO ELECTRÓNICOS
Identificador Uniforme de Recursos <a href="https://archive.org/details/viesdessavantsil00figu ">https://archive.org/details/viesdessavantsil00figu </a>
Nota pública Internet Archive
-- (v. 5)
Holdings
Estatus retirado Estado de pérdida Estado de daño No para préstamo Colección Biblioteca de origen Biblioteca actual Ubicación en estantería Fecha de adquisición Fuente de adquisición Total de préstamos Signatura topográfica completa Código de barras Visto por última vez Precio de reemplazo Tipo de ítem Koha
        Colección digital Biblioteca del Ateneo de Madrid Biblioteca del Ateneo de Madrid Sala Pecera Planta 2 17/01/2008     F-8325-29 1056953 23/02/2023 23/02/2023 Libro impreso antiguo